Investujú do telocvične

Bibliographic Details
Format: Article
Language:Slovak
ISSN:1335-7581
Subjects:

MARC

LEADER 00000nab a2200000 a 4500
001 vtls009493914
003 SK-MaSNL
005 20260303192252.0
008 090421c20090411xo dr| 0 0slo
038 |a RVGKPD 
040 |a RVGKPD  |b slo  |c RVGKPD  |e AACR2 
041 |a slo 
044 |a xo  |c SK 
080 |a 371.624  |2 1997 
245 0 0 |a Investujú do telocvične  |c [autor] (sita) 
610 2 7 |a Košický samosprávny kraj (Slovensko).  |b Úrad  |2 rvgkpd  |9 30611 
650 0 7 |a telocvične  |2 rvgkpd  |9 25297 
650 0 7 |a multifunkčné zariadenia  |2 rvgkpd  |9 1049738 
650 0 7 |a výstavba  |2 rvgkpd  |9 29373 
651 7 |a Rožňava (Slovensko)  |2 rvgkpd  |9 17394 
773 0 |t Gemerský korzár  |g Roč. XI, č. 84 (11.4.2009), s. 1  |x 1335-7581 
852 |a RVGKPD  |b KIS3G 
992 |a RBX 
999 |c 2145261  |d 2147191